Go to main content
000032007 000__ 00998cam\a22002655i\4500
000032007 001__ 32007
000032007 003__ SzGeWIPO
000032007 005__ 20240708145644.0
000032007 008__ 190906s2005\\\\sz\\\\\\r\\\\\000\0\eng\d
000032007 035__ $$aWIPO/PUB/121/2005/05/EN/art0010
000032007 035__ $$a(OCoLC)1158916676
000032007 040__ $$aSzGeWIPO$$beng$$erda$$cSzGeWIPO$$dCaBNVSL
000032007 041__ $$aeng
000032007 24500 $$aArchives and Museums :$$bBalancing Protection and Preservation of Cultural Heritage.
000032007 2460_ $$aPublished in : WIPO Magazine, Issue 5/2005 (September-October)
000032007 264_1 $$a[Geneva, Switzerland] :$$b[World Intellectual Property Organization],$$c2005.
000032007 300__ $$a1 volume ;$$c[28] cm
000032007 336__ $$atext$$btxt$$2rdacontent
000032007 337__ $$aunmediated$$bn$$2rdamedia
000032007 338__ $$avolume$$bnc$$2rdacarrier
000032007 77318 $$wWIPO/PUB/121/2005/05/EN
000032007 8564_ $$yWeb link$$uhttps://www.wipo.int/wipo_magazine/en/2005/05/article_0010.html
000032007 8564_ $$ySearch WIPO Magazine collection$$uhttps://tind.wipo.int/search?ln=en&cc=WIPO%20Magazine
000032007 904__ $$aJournal article
000032007 980__ $$aWIPOPUB
000032007 980__ $$aWIPOMAG